Education and Well-Being (Record no. 16357)

MARC details
000 -LEADER
fixed length control field 00602nam a22002297a 4500
008 - FIXED-LENGTH DATA ELEMENTS--GENERAL INFORMATION
fixed length control field 260417b |||||||| |||| 00| 0 eng d
020 ## - INTERNATIONAL STANDARD BOOK NUMBER
International Standard Book Number 978-93-5849-786-1
Price 400
040 ## - CATALOGING SOURCE
Original Cataloguing agency Sibsagar Commerce College Central Library
041 ## - LANGUAGE CODE
Language code of text/sound track or separate title English
082 ## - DEWEY DECIMAL CLASSIFICATION NUMBER
Classification number 370.15
Book Number DEK
100 ## - MAIN ENTRY--PERSONAL NAME
Personal name Deka, N.
Fuller form of name Dr. Nabanita
245 ## - TITLE STATEMENT
Title Education and Well-Being
250 ## - EDITION STATEMENT
Edition statement 1st Ed.
260 ## - PUBLICATION, DISTRIBUTION, ETC.
Place of publication, distribution, etc. Dibrugarh
Name of publisher, distributor, etc. Pradyut Hazarika, Banalata
Date of publication, distribution, etc. 2025
300 ## - PHYSICAL DESCRIPTION
Pages 440p. ;
Dimensions 15 x 22 cm
505 ## - FORMATED CONTENTS NOTE
Formated content notes NEP<br/>4th Semester<br/>Major
650 ## - Subject
Subject Education
700 ## - Added Entry Personal Name
Personal Name Khatiwora, Dimpal
700 ## - Added Entry Personal Name
Personal Name Lahkar, Barnali
942 ## - ADDED ENTRY ELEMENTS (KOHA)
Source of classification or shelving scheme Dewey Decimal Classification
Koha item type Books
Holdings
Withdrawn status Lost status Source of classification or shelving scheme Damaged status Not for loan Collection code Home library Current library Shelving location Date acquired Source of acquisition Cost, normal purchase price Total Checkouts Full call number Barcode Date last seen Copy number Price effective from Koha item type
    Dewey Decimal Classification     Education Sibsagar Commerce College Central Library Sibsagar Commerce College Central Library General Stacks 10/04/2026 Kitap Ghar 400.00   370.15 DEK 29199 17/04/2026 1 17/04/2026 Books
    Dewey Decimal Classification     Education Sibsagar Commerce College Central Library Sibsagar Commerce College Central Library General Stacks 10/04/2026 Kitap Ghar 400.00   370.15 DEK 29200 17/04/2026 2 17/04/2026 Books


Sibsagar Commerce College © 2020. All rights reserved.
Powered by Koha.
Hosted by LIBKART.